000 00743nam a22002417a 4500
003 UA-OsUOA
001 69390
007 ta
008 20100618b un ||||| |||| 00| 0 ukr d
090 _a340.1:316
_bЮ70
942 _cBK
040 _aUA-OsUOA
_brus
_cUA-OsUOA
_dUA-OsUOA
245 _aЮридический конфликт: процедуры разрешения
_cБойков О. В., Варламова Н. В.
300 _a158 с.
955 _a2
041 _arus
080 _a340.1:316
020 _a5-201-01305-8
260 _aМ.
_c1995
246 3 1 _a3
_n
650 7 _a340 Право в цілому. Пропедевтика. Методи та допоміжні правничі науки
_2UDC
999 _c355611
_d355611